Сибирь в период Великой Октябрьской Социалистической революции, иностранной военной интервенциии и гражданской войны ( март 1917 - 1920 гг. ): библиографический указатель

Бібліографічні деталі
Співавтор: Академия наук СССР (АН СССР) Сибирское отделение (СО) Государственная публичная научно-техническая библиотека (ГПНТБ)
Інші автори: Шорников М. М. (редактор), Соколов М. Л. (составитель), Жданова М. Л.
Мова:Російська
Опубліковано: Новосибирск, ГПНТБ СО АН СССР, 1973
Предмети:
Формат: Книга
KOHA link:https://koha.lib.tpu.ru/cgi-bin/koha/opac-detail.pl?biblionumber=95525

MARC

LEADER 00000nam0a2200000 4500
001 95525
005 20231031110156.0
035 |a (RuTPU)RU\TPU\book\102286 
090 |a 95525 
100 |a 20060427d1973 ekmy0rusy50 ca 
101 0 |a rus 
102 |a RU 
105 |a y a 001zy 
200 1 |a Сибирь в период Великой Октябрьской Социалистической революции, иностранной военной интервенциии и гражданской войны ( март 1917 - 1920 гг. )  |e библиографический указатель  |f Академия наук СССР. Сибирское отделение, Государственная публичная научно- техническая библиотека; под ред. М. М. Шорникова; сост. М. Л. Соколова, М. Л. Жданова 
210 |a Новосибирск  |c ГПНТБ СО АН СССР  |d 1973 
215 |a 334 с. 
320 |a Указ. в конце кн.: с. 278 - 331 
610 1 |a библиографические указатели 
610 1 |a Сибирь 
610 1 |a Великая Октябрьская социалистическая революция 
610 1 |a военная интервенция 
610 1 |a Гражданская война 1918-1921 
610 1 |a история 
610 1 |a 20 век 
686 |a Я19:Т  |2 rubbk 
686 |a Т3(2)0  |2 rubbk 
702 1 |a Шорников  |b М. М.  |4 340 
702 1 |a Соколов  |b М. Л.  |4 220 
702 1 |a Жданова  |b М. Л.  |4 220 
712 0 2 |a Академия наук СССР (АН СССР)  |b Сибирское отделение (СО)  |b Государственная публичная научно-техническая библиотека (ГПНТБ)  |c (Новосибирск)  |2 stltpush  |3 (RuTPU)RU\TPU\col\7241 
801 1 |a RU  |b 63413507  |c 20060427  |g PSBO 
801 2 |a RU  |b 63413507  |c 20101125  |g PSBO 
942 |c BK